00723nam a2200157Ia 4500008004100000024006600041082001900107100008500126245003500211260002500246600002700271650003300298856010700331952011000438999001700548250506s9999 xx 000 0 und d a08B-102-EE, 08B-103-EE, 08B-193-EE, 08B-63-EE & 08B-62-EE a629.892072 ADI aAdil Mahmood, Farhan Rasheed, Azeem Rasheed, Syed Nauman Ahmed & M. Taseen Akbar 0aHuman Guider Robot (HGR) Afant aKarachi:bUIT,c2008 aElectronic Engineering aBachelor of Engineering (BE) uhttps://drive.google.com/file/d/1bi2fzpH_AEz4KFGrAIMB7WVGE4Ktf3jq/view?usp=sharingyClick here for PDF 001040708PR-EEaUITUbUITUd2022-07-26l0o629.892072 ADIpEE-192r2025-05-06 11:34:13w2025-05-06yPR c27944d27944